[Event "Harrachov op-A"]
[Site "Harrachov"]
[Date "2009.10.31"]
[Round "9"]
[White "Safarik, Jakub"]
[Black "Ulrich, David"]
[Result "1/2-1/2"]
[WhiteElo "1924"]
[BlackElo "1921"]
[PlyCount "20"]
[EventDate "2009.10.24"]
[EventType "swiss"]
[EventRounds "9"]
[EventCountry "CZE"]
[SourceTitle "EXT 2012"]
[Source "ChessBase"]
[SourceDate "2011.11.24"]
[SourceVersion "1"]
[SourceVersionDate "2011.11.24"]
[SourceQuality "1"]

1. e4 e6 2. d4 d5 3. Nc3 dxe4 4. Nxe4 Nd7 5. Nf3 Ngf6 6. Bd3 Nxe4 7. Bxe4 Nf6 8. Bd3 Be7 9. 0-0 0-0 10. Qe2 Re8 1/2-1/2

[Event "Harrachov op-A"]
[Site "Harrachov"]
[Date "2009.10.28"]
[Round "6"]
[White "Bernath, Stefan"]
[Black "Ulrich, David"]
[Result "1/2-1/2"]
[WhiteElo "1944"]
[BlackElo "1921"]
[PlyCount "86"]
[EventDate "2009.10.24"]
[EventType "swiss"]
[EventRounds "9"]
[EventCountry "CZE"]
[SourceTitle "EXT 2012"]
[Source "ChessBase"]
[SourceDate "2011.11.24"]
[SourceVersion "1"]
[SourceVersionDate "2011.11.24"]
[SourceQuality "1"]

1. e4 e6 2. d4 d5 3. Nd2 dxe4 4. Nxe4 Nf6 5. Bd3 Be7 6. Nf3 b6 7. Nxf6+ Bxf6 8. c3 0-0 9. Be4 c6 10. Qc2 g6 11. h4 Bg7 12. h5 f5 13. Bd3 Nd7 14. hxg6 hxg6 15. Bg5 Bf6 16. Bxf6 Qxf6 17. 0-0-0 Bb7 18. Rh6 Kg7 19. Rdh1 Rh8 20. Qd2 Raf8 21. Bc4 f4 22. Rxh8 Rxh8 23. Re1 Nf8 24. Ne5 Rh5 25. f3 g5 26. Ng4 Qf5 27. Qe2 Kf7 28. Ne5+ Ke7 29. Bd3 Qf6 30. Qe4 Kd6 31. c4 Kc7 32. Ng4 Qh8 33. Re2 Rh1+ 34. Kc2 Rh7 35. Qe5+ Qxe5 36. Rxe5 Rg7 37. Nf6 Kd8 38. Ne4 g4 39. Rg5 Rxg5 40. Nxg5 gxf3 41. gxf3 c5 42. dxc5 bxc5 43. Kd2 Ke7 1/2-1/2

[Event "CZE-chT3A Middle 0506  "]
[Site "Czech Republic"]
[Date "2005.11.13"]
[Round "2.7"]
[White "Ulrich, David"]
[Black "Cenkovic, Tomas"]
[Result "1-0"]
[WhiteElo "1772"]
[BlackElo "2003"]
[PlyCount "87"]
[EventDate "2005.10.30"]
[EventType "team"]
[EventRounds "11"]
[EventCountry "CZE"]
[SourceTitle "EXT 2009"]
[Source "ChessBase"]
[SourceDate "2008.11.26"]
[SourceVersion "1"]
[SourceVersionDate "2008.11.26"]
[SourceQuality "1"]

1. e4 e5 2. Nf3 Nf6 3. Nc3 Nc6 4. Bb5 Bb4 5. d3 d6 6. Bd2 0-0 7. h3 Qe7 8. 0-0 Nd8 9. Ne2 Bc5 10. c3 c6 11. Ba4 Bb6 12. Bb3 Be6 13. Ng3 Bxb3 14. Qxb3 g6 15. Bh6 Re8 16. Nd2 Ne6 17. Be3 Nf4 18. Bxb6 axb6 19. Qc2 h5 20. Nc4 b5 21. Ne3 h4 22. Ne2 N6h5 23. Kh2 Qe6 24. a3 Nxe2 25. Qxe2 Nf4 26. Qd2 Kg7 27. Rg1 Rh8 28. Rh1 Rh5 29. Kg1 Rg5 30. Kf1 d5 31. exd5 cxd5 32. d4 e4 33. Ng4 Rf5 34. Ne3 Rh5 35. Re1 Nd3 36. Re2 f5 37. Nd1 Qd6 38. Ne3 f4 39. Ng4 b4 40. Ne5 bxa3 41. bxa3 Rxe5 42. dxe5 Qxe5 43. Qxd3 Rxa3 44. Qd4 1-0

[Event "CZE-chT3A Middle 0506  "]
[Site "Czech Republic"]
[Date "2005.10.30"]
[Round "1.7"]
[White "Ulrich, David"]
[Black "Zelenka, Pavel"]
[Result "1-0"]
[WhiteElo "1772"]
[BlackElo "1689"]
[PlyCount "103"]
[EventDate "2005.10.30"]
[EventType "team"]
[EventRounds "11"]
[EventCountry "CZE"]
[SourceTitle "EXT 2009"]
[Source "ChessBase"]
[SourceDate "2008.11.26"]
[SourceVersion "1"]
[SourceVersionDate "2008.11.26"]
[SourceQuality "1"]

1. e4 e6 2. d4 d5 3. exd5 exd5 4. Bd3 Bd6 5. Nf3 Nf6 6. Be3 Bg4 7. Nbd2 Nbd7 8. c3 c6 9. Qc2 Qc7 10. h3 Bh5 11. Bf5 Bg6 12. Bxg6 hxg6 13. 0-0-0 Bf4 14. Bxf4 Qxf4 15. Rde1+ Kf8 16. Re3 Re8 17. Rhe1 Rxe3 18. Rxe3 Ne4 19. Nxe4 dxe4 20. Qxe4 Qxe4 21. Rxe4 Nf6 22. Re1 Nd5 23. Kd2 f6 24. h4 Kf7 25. g3 Re8 26. Rxe8 Kxe8 27. Kd3 Kd7 28. a3 Ke6 29. Ke4 b5 30. Nd2 Nb6 31. b3 Nd5 32. Kd3 Kf5 33. f3 Nb6 34. c4 Ke6 35. cxb5 cxb5 36. Ne4 f5 37. Nc3 a6 38. Ke3 Ke7 39. Kf4 Kf6 40. g4 Ke6 41. Kg5 fxg4 42. fxg4 Kf7 43. d5 Nd7 44. Ne4 Nf8 45. Nc5 Nh7+ 46. Kf4 Nf6 47. d6 a5 48. d7 Ke7 49. Kg5 b4 50. axb4 axb4 51. Kxg6 Nxg4 52. Kxg7 1-0

[Event "CZE Juniorcentrum op-A"]
[Site "Sec u Chrudimi"]
[Date "2005.10.24"]
[Round "3"]
[White "Ulrich, David"]
[Black "Vojir, Vaclav"]
[Result "1-0"]
[WhiteElo "1772"]
[BlackElo "1889"]
[PlyCount "71"]
[EventDate "2005.10.22"]
[EventType "swiss"]
[EventRounds "9"]
[EventCountry "CZE"]
[SourceTitle "EXT 2008"]
[Source "ChessBase"]
[SourceDate "2007.11.25"]
[SourceVersion "1"]
[SourceVersionDate "2007.11.25"]
[SourceQuality "1"]

1. e4 c6 2. d4 d5 3. e5 Bf5 4. Bd3 Bxd3 5. Qxd3 e6 6. Ne2 Qb6 7. c3 c5 8. 0-0 Nc6 9. Nd2 Rc8 10. a3 cxd4 11. cxd4 Nge7 12. b4 Nf5 13. Bb2 Be7 14. Bc3 0-0 15. Nb3 a6 16. Rfb1 h5 17. Nc5 Rc7 18. a4 Rfc8 19. Ra3 Na7 20. Nf4 g6 21. h3 Bg5 22. Ne2 Be7 23. g4 Ng7 24. Rab3 hxg4 25. hxg4 Nc6 26. Kg2 Nxe5 27. dxe5 Bxc5 28. bxc5 Qxc5 29. Bd4 Qc6 30. a5 Qa4 31. f3 Rc2 32. Kf2 Qxa5 33. Bc3 Qa2 34. Kf1 R8xc3 35. Nxc3 Rf2+ 36. Ke1 1-0